| 000 | 01090nam a22003137a 4500 | ||
|---|---|---|---|
| 001 | BR8501440 | ||
| 003 | BR-BrBNA | ||
| 005 | 20230928092115.0 | ||
| 007 | ta | ||
| 008 | 230509b bl.||||| |||| 00| 0 por d | ||
| 040 |
_aBR-BrBNA _bpor _cBiblioteca Nacional de Agricultura |
||
| 041 | _a(Por) | ||
| 072 |
_aF60 _b0170 |
||
| 090 | _ 0170 BR8501440 | ||
| 100 | 1 | _aTrejo Chandias, J.E. | |
| 110 | 1 |
_aUniversidade Federal de Vicosa, MG (Brasil) _0Tese (Magister Scientiae) |
|
| 245 | 1 | _aEfeito do aluminio e da proporcao N03/NH4 sobre o balanco ionico, a composicao nitrogenada e a atividade da redutase do nitrato em sorgo (Sorghum bicolor L. Moench) | |
| 260 | 3 |
_aVicosa, MG (Brasil): _c1985. |
|
| 300 | _a36 p. | ||
| 500 | _a9 illus.; Bibliography p. 31-36 (71 ref.); Summary (Por). (*) Documento disponível na(o) Universidade Federal de Vicosa, MG (Brazil) | ||
| 650 | _aSORGO | ||
| 650 | _aREDUCTASE | ||
| 650 | _aALUMINIO | ||
| 650 | _aCOMPOSTO NITROGENADO | ||
| 650 | _aNITRATO | ||
| 650 | _aNUTRICAO VEGETAL | ||
| 909 |
_a202309 _bLucia _c55 _dLucia Elande |
||
| 942 | _cBK | ||
| 999 |
_c37170 _d37170 |
||